[Event "Rheinhessen-ch U10"]
[Site "Oppenheim"]
[Date "2015.01.05"]
[Round "7"]
[White "Jones, Lennox"]
[Black "Koch, Jean Philippe"]
[Result "0-1"]
[WhiteElo "823"]
[BlackElo "703"]
[PlyCount "40"]
[EventDate "2015.01.03"]
[EventType "swiss"]
[EventRounds "7"]
[EventCountry "GER"]
[SourceTitle "EXT 2017"]
[Source "ChessBase"]
[SourceDate "2016.10.25"]
[SourceVersion "1"]
[SourceVersionDate "2016.10.25"]
[SourceQuality "1"]

1. e4 e6 2. Nf3 d5 3. exd5 exd5 4. Qe2+ Be7 5. Ng5 Nh6 6. d4 0-0 7. Qd3 Bf5 8. Qe3 Re8 9. Bd3 Bxg5 10. Qxe8+ Qxe8+ 11. Be3 Bxe3 12. fxe3 Qxe3+ 13. Be2 Bg4 14. Nc3 Nf5 15. h3 Bxe2 16. Nxe2 Nxd4 17. Kf1 Qxe2+ 18. Kg1 Nd7 19. Kh2 Qf2 20. Rae1 Nf3# 0-1

[Event "Rheinland Pfalz op 5th"]
[Site "Worms"]
[Date "2013.05.30"]
[Round "2"]
[White "Gaul, Richard"]
[Black "Koch, Jean Philippe"]
[Result "1-0"]
[WhiteElo "1528"]
[BlackElo "707"]
[PlyCount "29"]
[EventDate "2013.05.30"]
[EventType "swiss"]
[EventRounds "7"]
[EventCountry "GER"]
[SourceTitle "EXT 2014"]
[Source "ChessBase"]
[SourceDate "2013.11.20"]
[SourceVersion "1"]
[SourceVersionDate "2013.11.20"]
[SourceQuality "1"]

1. d4 d5 2. c4 e5 3. dxe5 Nc6 4. cxd5 Nxe5 5. e4 Bc5 6. Bf4 Ng6 7. Bg3 Nf6 8. Nc3 Bb4 9. Qa4+ Bd7 10. Qxb4 Rb8 11. Nb5 Ne7 12. Bxc7 Qc8 13. Nd6+ Kf8 14. Nxc8 Rxc8 15. Bd6 1-0